[Event "Montcalm 6 2022-23"]
[Site "Quebec CAN"]
[Date "2023.04.13"]
[Round "4"]
[White "Lapierre, Gaetan"]
[Black "Boissinot, Claude"]
[Result "1-0"]
[WhiteElo "1768"]
[BlackElo "1511"]
[PlyCount "39"]
[EventDate "2023.03.23"]
[EventType "swiss"]
[EventRounds "5"]
[EventCountry "CAN"]

1. e4 c5 2. Nc3 Nc6 3. g3 Nf6 4. Bg2 e6 5. d3 Be7 6. f4 d6 7. Nf3 O-O 8. O-O a6
9. h3 Qc7 10. g4 g6 11. Nh2 Rd8 12. f5 d5 13. g5 Bd6 14. gxf6 Bxh2+ 15. Kh1
dxe4 16. fxg6 Qe5 17. gxh7+ Kxh7 18. Bxe4+ Kh8 19. Qg4 Qg3 20. Qh5+ 1-0

[Event "Montcalm 6 2022-23"]
[Site "Quebec CAN"]
[Date "2023.04.13"]
[Round "4"]
[White "Lescarbeau, Martin"]
[Black "Plante, Rejean"]
[Result "0-1"]
[WhiteElo "1846"]
[BlackElo "1895"]
[PlyCount "60"]
[EventDate "2023.03.23"]
[EventType "swiss"]
[EventRounds "5"]
[EventCountry "CAN"]

1. e4 c5 2. d4 cxd4 3. c3 d3 4. Bxd3 Nc6 5. c4 d6 6. Nf3 Nf6 7. h3 g6 8. Nc3
Bg7 9. Be3 Be6 10. Ng5 Bd7 11. f4 Rc8 12. Rc1 O-O 13. O-O Na5 14. b3 a6 15. Nd5
Nxd5 16. cxd5 b5 17. Qd2 Nb7 18. Qf2 e6 19. Rxc8 Bxc8 20. Bb6 Qf6 21. Rc1 h6
22. Nf3 Qxf4 23. Rc7 exd5 24. Qc2 Nc5 25. Bxc5 dxc5 26. Qxc5 Bxh3 27. exd5 Bg4
28. Qc1 Qg3 29. Be2 Bxf3 30. Bxf3 Bd4+ 0-1

[Event "Montcalm 6 2022-23"]
[Site "Quebec CAN"]
[Date "2023.04.13"]
[Round "4"]
[White "Roux, Michel"]
[Black "Perreault, Jacquelin"]
[Result "1/2-1/2"]
[WhiteElo "1564"]
[BlackElo "1766"]
[PlyCount "81"]
[EventDate "2023.03.23"]
[EventType "swiss"]
[EventRounds "5"]
[EventCountry "CAN"]

1. d4 Nf6 2. Bf4 d5 3. e3 Bf5 4. c4 e6 5. Nc3 Bb4 6. Qb3 Bxc3+ 7. bxc3 b6 8.
Nf3 O-O 9. Nh4 Bg6 10. Nxg6 hxg6 11. Bg5 Nbd7 12. cxd5 exd5 13. Bd3 c5 14. Qc2
cxd4 15. cxd4 Rc8 16. Qe2 Qc7 17. O-O Ne4 18. Bf4 Qd8 19. h3 Qe7 20. Qb2 Ndf6
21. Ba6 Rc6 22. Rfc1 Qe6 23. Rxc6 Qxc6 24. Rc1 Qe6 25. Qb4 g5 26. Bh2 Re8 27.
Be2 Nxf2 28. Be5 N6e4 29. Rc7 f6 30. Bh5 fxe5 31. Bf7+ Qxf7 32. Rxf7 Kxf7 33.
Qb5 Rd8 34. dxe5 Ke6 35. Qa6 Rd7 36. Qc8 Ke7 37. Qg8 Rc7 38. Qxg7+ Kd8 39. Qg8+
Ke7 40. Qg7+ Kd8 41. Qg8+ 1/2-1/2

[Event "Montcalm 6 2022-23"]
[Site "Quebec CAN"]
[Date "2023.04.13"]
[Round "4"]
[White "Talbot, Raymond"]
[Black "Fleury, Dominic"]
[Result "0-1"]
[WhiteElo "1670"]
[BlackElo "1390"]
[PlyCount "60"]
[EventDate "2023.03.23"]
[EventType "swiss"]
[EventRounds "5"]
[EventCountry "CAN"]

1. e4 c5 2. Nc3 Nc6 3. Nf3 Nf6 4. d4 cxd4 5. Nxd4 e5 6. Nf3 Bc5 7. h3 Qb6 8.
Qe2 O-O 9. Bd2 Qxb2 10. Qd1 Qb6 11. Qe2 Bb4 12. Qd3 d6 13. Be2 Bxc3 14. Bxc3
Be6 15. O-O Nd7 16. Qxd6 Nc5 17. Bxe5 Nxe4 18. Qd3 Nxe5 19. Nxe5 Nf6 20. Bf3
Rfd8 21. Qa3 Qd4 22. Nd3 Bd5 23. Bxd5 Rxd5 24. Rab1 Rg5 25. Rb4 Qd5 26. Nf4 Qc6
27. f3 Rd8 28. Qc1 Qc5+ 29. Kh2 Qxb4 30. Nd3 Qd6+ 0-1

[Event "Montcalm 6 2022-23"]
[Site "Quebec CAN"]
[Date "2023.04.20"]
[Round "5"]
[White "Boissinot, Claude"]
[Black "Pepin, Pierre-Luc"]
[Result "0-1"]
[WhiteElo "1511"]
[BlackElo "1178"]
[PlyCount "90"]
[EventDate "2023.03.23"]
[EventType "swiss"]
[EventRounds "5"]
[EventCountry "CAN"]

1. e4 d5 2. exd5 Nf6 3. d4 Nxd5 4. Bc4 Bf5 5. Nf3 Nb4 6. Bb3 h6 7. a3 Nd5 8.
O-O e6 9. c4 Nf6 10. Nc3 c5 11. d5 exd5 12. Re1+ Be7 13. cxd5 O-O 14. h3 Re8
15. Bf4 Bf8 16. Rxe8 Nxe8 17. Qe2 a6 18. Rd1 Qe7 19. Qd2 Nd6 20. Re1 Qd8 21.
Ne5 Nd7 22. Nf3 Qb6 23. Ba2 Qa5 24. Bxd6 Bxd6 25. Qe2 Nf6 26. Nh4 Bd7 27. Qf3
Re8 28. Rxe8+ Bxe8 29. Bb1 Qb6 30. Nf5 Bf8 31. Qd3 Qxb2 32. d6 Qxa3 33. Qc2 g6
34. Ne7+ Kg7 35. Ne2 b6 36. Ng3 Qa4 37. Qd2 Qd7 38. Qd3 a5 39. Ne4 Nxe4 40.
Qxe4 Qxd6 41. Nd5 Bc6 42. Ba2 b5 43. g4 c4 44. Qd4+ f6 45. Bb1 Qxd5 0-1

[Event "Montcalm 6 2022-23"]
[Site "Quebec CAN"]
[Date "2023.04.20"]
[Round "5"]
[White "Dumont, Eric"]
[Black "Gagnon-Paradis, Ulysse"]
[Result "0-1"]
[WhiteElo "1776"]
[BlackElo "1687"]
[PlyCount "36"]
[EventDate "2023.03.23"]
[EventType "swiss"]
[EventRounds "5"]
[EventCountry "CAN"]

1. d4 Nf6 2. Bf4 d5 3. e3 c5 4. c3 Qb6 5. Qc1 Bf5 6. Nd2 e6 7. Ngf3 Nc6 8. Ne5
Nxe5 9. Bxe5 Nd7 10. dxc5 Bxc5 11. Bxg7 Rg8 12. Bd4 e5 13. Bxc5 Nxc5 14. Nf3
Be4 15. Qd2 f6 16. O-O-O O-O-O 17. Ne1 Qa5 18. Nc2 Qxa2 0-1

[Event "Montcalm 6 2022-23"]
[Site "Quebec CAN"]
[Date "2023.04.20"]
[Round "5"]
[White "Fecteau, Martin"]
[Black "Lescarbeau, Martin"]
[Result "1-0"]
[WhiteElo "1905"]
[BlackElo "1846"]
[PlyCount "107"]
[EventDate "2023.03.23"]
[EventType "swiss"]
[EventRounds "5"]
[EventCountry "CAN"]

1. c4 e6 2. d4 Nf6 3. Nf3 Bb4+ 4. Bd2 Bxd2+ 5. Nbxd2 d5 6. e3 O-O 7. Qc2 c6 8.
Bd3 Nbd7 9. O-O h6 10. cxd5 exd5 11. h3 Re8 12. Rac1 Re7 13. b4 a6 14. a4 Qe8
15. b5 cxb5 16. axb5 a5 17. Ra1 b6 18. Qc6 Rb8 19. Qd6 Re6 20. Qa3 Bb7 21. Rac1
Rc8 22. Rxc8 Qxc8 23. Rc1 Qb8 24. Rc2 Ne4 25. Qc1 Nxd2 26. Qxd2 Re8 27. Bf5 Qd8
28. Bxd7 Qxd7 29. Ne5 Qxb5 30. Rc7 Ba6 31. Qc2 Qf1+ 32. Kh2 Re6 33. f4 Rxe5 34.
dxe5 Bd3 35. Qd2 Qe2 36. Qxe2 Bxe2 37. Rc8+ Kh7 38. Ra8 Bc4 39. Kg1 Kg6 40. g4
h5 41. Kf2 hxg4 42. hxg4 f5 43. g5 Bb3 44. Ra6 Kh5 45. Rxb6 a4 46. Ke2 Bc4+ 47.
Kd2 a3 48. Kc3 a2 49. Kb2 Kg4 50. e6 d4 51. e7 Bf7 52. exd4 Kxf4 53. d5 Kxg5
54. Rb8 1-0

[Event "Montcalm 6 2022-23"]
[Site "Quebec CAN"]
[Date "2023.04.20"]
[Round "5"]
[White "Fleury, Dominic"]
[Black "Auger, Bertrand"]
[Result "0-1"]
[WhiteElo "1390"]
[BlackElo "1981"]
[PlyCount "118"]
[EventDate "2023.03.23"]
[EventType "swiss"]
[EventRounds "5"]
[EventCountry "CAN"]

1. e4 e6 2. c4 c6 3. Nc3 d5 4. cxd5 cxd5 5. Nf3 Nf6 6. e5 Nfd7 7. d4 Bb4 8. a3
Be7 9. Bd3 O-O 10. Qc2 h6 11. h4 Nc6 12. Rh3 f6 13. Rg3 fxe5 14. Bxh6 e4 15.
Rxg7+ Kh8 16. Nxe4 Rxf3 17. gxf3 Nxd4 18. O-O-O Nxc2 19. Ng5 Bxg5+ 20. Bxg5 Nf8
21. Bxd8 Kxg7 22. Rg1+ Kf7 23. Kxc2 Bd7 24. Bg5 Rc8+ 25. Kd2 Bc6 26. h5 e5 27.
f4 e4 28. Bb1 Ne6 29. h6 Nd4 30. Rg3 Nf5 31. Rh3 Kg6 32. f3 Rh8 33. fxe4 dxe4
34. Ba2 e3+ 35. Rxe3 Nxe3 36. Kxe3 Re8+ 37. Kd4 Be4 38. Bc4 Bf5 39. b4 Re4+ 40.
Kd5 Re1 41. Kd6 Rd1+ 42. Ke7 Rd7+ 43. Ke8 Rc7 44. Bd5 a6 45. a4 b6 46. Bg8 Bd7+
47. Kd8 Rc8+ 48. Kxd7 Rxg8 49. Ke6 Rc8 50. Ke7 Rc2 51. Ke6 Rc4 52. f5+ Kxg5 53.
f6 Kxh6 54. f7 Kg7 55. Ke7 Re4+ 56. Kd6 Kxf7 57. b5 axb5 58. axb5 Rc4 59. Kd7
Rc5 0-1

[Event "Montcalm 6 2022-23"]
[Site "Quebec CAN"]
[Date "2023.04.20"]
[Round "5"]
[White "Laflamme, Simon"]
[Black "Perreault, Jacquelin"]
[Result "1-0"]
[WhiteElo "1896"]
[BlackElo "1766"]
[PlyCount "65"]
[EventDate "2023.03.23"]
[EventType "swiss"]
[EventRounds "5"]
[EventCountry "CAN"]

1. d4 e6 2. c4 Nf6 3. Nc3 Bb4 4. f3 d5 5. a3 Bxc3+ 6. bxc3 c6 7. e3 O-O 8. Bd3
Nbd7 9. Ne2 b6 10. cxd5 exd5 11. O-O Re8 12. Ng3 Bb7 13. e4 dxe4 14. fxe4 c5
15. e5 Nxe5 16. dxe5 Rxe5 17. Qc2 Qd5 18. Bf4 Ree8 19. Rad1 Qc6 20. Bc4 Rad8
21. Qa2 Rd7 22. Bg5 b5 23. Rxd7 Qxd7 24. Bxf6 bxc4 25. Bg5 Qd5 26. Qd2 Qc6 27.
Nf5 f6 28. Bh4 Re5 29. Bg3 Re8 30. Nd6 Rd8 31. Rd1 Qa4 32. Qe2 Qc6 33. Qe6+ 1-0

[Event "Montcalm 6 2022-23"]
[Site "Quebec CAN"]
[Date "2023.04.20"]
[Round "5"]
[White "Mercure, Gilbert"]
[Black "Roux, Michel"]
[Result "1-0"]
[WhiteElo "1801"]
[BlackElo "1564"]
[PlyCount "25"]
[EventDate "2023.03.23"]
[EventType "swiss"]
[EventRounds "5"]
[EventCountry "CAN"]

1. e4 d5 2. exd5 Qxd5 3. Nc3 Qa5 4. b4 Qxb4 5. Rb1 Qa5 6. Rb5 Qa6 7. Nd5 Qc6 8.
Ba3 Na6 9. Nf3 Qd7 10. Bc4 Qg4 11. Ne3 Qd7 12. Ne5 Qd4 13. Bxf7+ 1-0

[Event "Montcalm 6 2022-23"]
[Site "Quebec CAN"]
[Date "2023.04.20"]
[Round "5"]
[White "Plante, Rejean"]
[Black "Sauve, Richard"]
[Result "1/2-1/2"]
[WhiteElo "1895"]
[BlackElo "1935"]
[PlyCount "73"]
[EventDate "2023.03.23"]
[EventType "swiss"]
[EventRounds "5"]
[EventCountry "CAN"]

1. d4 d5 2. c4 e6 3. Nc3 Nf6 4. Bg5 Be7 5. e3 O-O 6. Nf3 h6 7. Bh4 Nbd7 8. Qc2
Re8 9. Rc1 c6 10. Be2 dxc4 11. Bxc4 Nd5 12. Bg3 N7f6 13. O-O Nxc3 14. bxc3 Bd6
15. e4 Bxg3 16. hxg3 b6 17. Rfd1 Bb7 18. e5 Nd5 19. Qe4 Qe7 20. Bd3 g6 21. c4
Nb4 22. Bb1 c5 23. Qe3 Bxf3 24. gxf3 Kg7 25. Kg2 Rad8 26. Rh1 Rh8 27. Rcd1 Rxd4
28. Rxd4 cxd4 29. Qxd4 Nc6 30. Qf4 h5 31. Re1 Rd8 32. Qe4 Na5 33. Bd3 Nb7 34.
Bb1 Nc5 35. Qe3 Na4 36. Bc2 Nc5 37. Bb1 1/2-1/2

[Event "Montcalm 6 2022-23"]
[Site "Quebec CAN"]
[Date "2023.04.20"]
[Round "5"]
[White "Servant, Michel"]
[Black "Lapierre, Gaetan"]
[Result "1-0"]
[WhiteElo "1725"]
[BlackElo "1768"]
[PlyCount "59"]
[EventDate "2023.03.23"]
[EventType "swiss"]
[EventRounds "5"]
[EventCountry "CAN"]

1. c4 Nf6 2. g3 c5 3. Bg2 e5 4. Nc3 Nc6 5. e3 Be7 6. Nge2 d6 7. d4 cxd4 8. exd4
Bf5 9. O-O Qd7 10. a3 h6 11. Re1 O-O 12. b3 a5 13. Bb2 Bh3 14. Bh1 Ng4 15. Qd3
g5 16. Nd5 Bd8 17. Rad1 f5 18. dxe5 dxe5 19. Qc3 Qe8 20. f4 Qg6 21. fxe5 Ngxe5
22. Nd4 Nxd4 23. Qxd4 Nf7 24. Re6 Qh7 25. Rde1 g4 26. Re8 Bg5 27. Rxf8+ Rxf8
28. Nf6+ Bxf6 29. Qxf6 Qh8 30. Qg6+ 1-0

[Event "Montcalm 7 2022-23"]
[Site "Quebec CAN"]
[Date "2023.04.27"]
[Round "1"]
[White "Brown, Zachary"]
[Black "Auger, Bertrand"]
[Result "0-1"]
[WhiteElo "1517"]
[BlackElo "1957"]
[PlyCount "84"]
[EventDate "2023.04.27"]
[EventType "swiss"]
[EventRounds "5"]
[EventCountry "CAN"]

1. e4 e6 2. Nf3 c5 3. c3 Nc6 4. d4 cxd4 5. cxd4 Bb4+ 6. Nc3 Nf6 7. Bd3 d5 8. e5
Ne4 9. Qc2 Qa5 10. Bd2 Nxd2 11. Qxd2 O-O 12. O-O Bd7 13. Qe3 Be7 14. a3 a6 15.
b4 Qd8 16. Rfc1 f5 17. Rc2 g5 18. h3 g4 19. hxg4 fxg4 20. Nh2 Bg5 21. Qg3 h5
22. Ne2 Bh4 23. Bh7+ Kxh7 24. Qd3+ Kg7 25. f4 Qe8 26. g3 Be7 27. Nf1 Qg6 28.
Qxg6+ Kxg6 29. Kf2 Bd8 30. Ke3 Bb6 31. Nd2 Ne7 32. Nb3 Ba4 33. Rc3 Bxb3 34.
Rxb3 Rac8 35. Kd3 Rc4 36. Rc3 Rfc8 37. Rac1 Rxc3+ 38. Rxc3 Rxc3+ 39. Nxc3 Nf5
40. Ne2 h4 41. gxh4 Kh5 42. a4 Kxh4 0-1

[Event "Montcalm 7 2022-23"]
[Site "Quebec CAN"]
[Date "2023.04.27"]
[Round "1"]
[White "Dumont, Eric"]
[Black "Boissinot, Claude"]
[Result "1-0"]
[WhiteElo "1736"]
[BlackElo "1496"]
[PlyCount "79"]
[EventDate "2023.04.27"]
[EventType "swiss"]
[EventRounds "5"]
[EventCountry "CAN"]

1. d4 Nf6 2. Bf4 e6 3. e3 b6 4. Nd2 d5 5. Ngf3 Bb7 6. Ne5 Nbd7 7. Bb5 a6 8. Bc6
Bxc6 9. Nxc6 Qc8 10. O-O Qb7 11. Ne5 Be7 12. Ndf3 O-O 13. c4 c5 14. Rc1 dxc4
15. Nxc4 Nd5 16. Bg3 f5 17. Bd6 Bxd6 18. Nxd6 Qa7 19. Ng5 Rfe8 20. Nxe8 Rxe8
21. Qh5 N7f6 22. Qh3 h6 23. Nf3 cxd4 24. Nxd4 Nh7 25. Rc6 Ng5 26. Qh5 Qd7 27.
Rfc1 Nf6 28. Qe2 Nd5 29. a3 e5 30. Nf3 Ne4 31. Qc4 Kh7 32. Qxa6 f4 33. Qd3 Ndf6
34. Qxd7 Nxd7 35. exf4 exf4 36. Re1 b5 37. Nd2 Ndf6 38. Nxe4 Rxe4 39. Rxe4 Nxe4
40. f3 1-0

[Event "Montcalm 7 2022-23"]
[Site "Quebec CAN"]
[Date "2023.04.27"]
[Round "1"]
[White "Fleury, Dominic"]
[Black "Demushkina, Alina"]
[Result "0-1"]
[WhiteElo "1483"]
[BlackElo "1659"]
[PlyCount "100"]
[EventDate "2023.04.27"]
[EventType "swiss"]
[EventRounds "5"]
[EventCountry "CAN"]

1. e4 e5 2. Nf3 Nc6 3. Bc4 Bc5 4. Nxe5 Nxe5 5. d4 Nxc4 6. dxc5 Qf6 7. Nc3 Ne7
8. O-O O-O 9. Qe2 Ne5 10. b3 d6 11. Be3 Ng4 12. cxd6 Qxd6 13. g3 Nxe3 14. Qxe3
a6 15. Rad1 Qc6 16. Rd3 Bh3 17. Rfd1 Rfe8 18. Qg5 h6 19. Qh5 Be6 20. f4 Qb6+
21. Kg2 Qc6 22. R1d2 f5 23. Nd5 Bxd5 24. exd5 Qd6 25. c4 Rad8 26. Re2 Qg6 27.
Qf3 Nc8 28. Rde3 Nd6 29. Re6 Qf7 30. Rxe8+ Rxe8 31. Re5 Ne4 32. g4 g6 33. h4 h5
34. g5 Re7 35. Qe3 Qe8 36. Qd4 c5 37. dxc6 bxc6 38. Qb6 Rxe5 39. fxe5 Qxe5 40.
Qd8+ Kf7 41. Qd7+ Kf8 42. Qc8+ Qe8 43. Qc7 Nc3 44. Qd6+ Qe7 45. Qxg6 Qe2+ 46.
Kh1 Qe1+ 47. Kg2 Qe4+ 48. Kf1 Qf3+ 49. Kg1 Ne2+ 50. Kh2 Qf2+ 0-1

[Event "Montcalm 7 2022-23"]
[Site "Quebec CAN"]
[Date "2023.04.27"]
[Round "1"]
[White "Lescarbeau, Martin"]
[Black "Auger, Julien"]
[Result "1-0"]
[WhiteElo "1838"]
[BlackElo "1529"]
[PlyCount "35"]
[EventDate "2023.04.27"]
[EventType "swiss"]
[EventRounds "5"]
[EventCountry "CAN"]

1. e4 e5 2. Nc3 c6 3. f4 Bb4 4. Nf3 d5 5. Nxe5 Nf6 6. exd5 Bxc3 7. dxc3 Qxd5 8.
Qxd5 Nxd5 9. Bc4 Be6 10. O-O Nc7 11. Bd3 O-O 12. f5 Bc8 13. Bf4 Nd5 14. Bg3 Nd7
15. Nxd7 Bxd7 16. Bd6 Rfe8 17. c4 Nb4 18. Bxb4 1-0

[Event "Montcalm 7 2022-23"]
[Site "Quebec CAN"]
[Date "2023.05.04"]
[Round "2"]
[White "Auger, Bertrand"]
[Black "Dumont, Eric"]
[Result "1-0"]
[WhiteElo "1957"]
[BlackElo "1736"]
[PlyCount "59"]
[EventDate "2023.04.27"]
[EventType "swiss"]
[EventRounds "5"]
[EventCountry "CAN"]

1. Nf3 f5 2. b4 Nf6 3. g3 e6 4. a3 Be7 5. Bg2 O-O 6. O-O a5 7. b5 c6 8. c4 cxb5
9. cxb5 b6 10. d3 Ra7 11. Bb2 Rc7 12. Nbd2 d5 13. Rc1 Nbd7 14. Rxc7 Qxc7 15.
Qa1 Bb7 16. Rc1 Qd6 17. d4 Ne4 18. Nxe4 fxe4 19. Ne5 Bg5 20. e3 Nxe5 21. dxe5
Qd7 22. Bd4 Qf7 23. Qb2 Bd8 24. Qe2 Re8 25. h4 h5 26. Kh2 Qf5 27. Rf1 g6 28. f3
exf3 29. Rxf3 Qb1 30. Rf1 1-0

[Event "Montcalm 7 2022-23"]
[Site "Quebec CAN"]
[Date "2023.05.04"]
[Round "2"]
[White "Chabot, Sebastien"]
[Black "Marquis, Paul"]
[Result "0-1"]
[WhiteElo "1281"]
[BlackElo "1959"]
[PlyCount "88"]
[EventDate "2023.04.27"]
[EventType "swiss"]
[EventRounds "5"]
[EventCountry "CAN"]

1. d4 Nf6 2. Nf3 g6 3. Bf4 Bg7 4. e3 d6 5. Bc4 O-O 6. O-O c6 7. a4 a5 8. Nc3
Nbd7 9. Be2 Re8 10. Bg5 Qc7 11. e4 e5 12. d5 Nc5 13. Bxf6 Bxf6 14. Bc4 Be7 15.
Qd2 Kg7 16. Qe3 f5 17. Nd2 f4 18. Qe2 h5 19. Qd1 Bg4 20. Be2 Qc8 21. Ra3 g5 22.
Re1 Kf6 23. g3 Rh8 24. Nb3 Nxb3 25. Rxb3 Kg6 26. Bf3 Bxf3 27. Qxf3 g4 28. Qd3
f3 29. Nd1 h4 30. Ne3 hxg3 31. fxg3 f2+ 32. Kxf2 Rxh2+ 33. Kg1 Qh8 34. Nxg4
Rh1+ 35. Kf2 Rf8+ 36. Ke2 Rxe1+ 37. Kxe1 Qh1+ 38. Kd2 Bg5+ 39. Kc3 Rf3 40. Nf2
Qe1+ 41. Kc4 Rxd3 42. cxd3 Qxf2 43. Rxb7 Qc5+ 44. Kb3 cxd5 0-1

[Event "Montcalm 7 2022-23"]
[Site "Quebec CAN"]
[Date "2023.05.04"]
[Round "2"]
[White "Demushkina, Alina"]
[Black "Lescarbeau, Martin"]
[Result "1/2-1/2"]
[WhiteElo "1659"]
[BlackElo "1838"]
[PlyCount "100"]
[EventDate "2023.04.27"]
[EventType "swiss"]
[EventRounds "5"]
[EventCountry "CAN"]

1. e4 e5 2. Nf3 Nc6 3. Bc4 f5 4. d3 Bc5 5. Nc3 f4 6. Qe2 d6 7. h3 Nf6 8. Bd2
Bd7 9. a3 Qe7 10. Nd5 Nxd5 11. Bxd5 Be6 12. Bxe6 Qxe6 13. Bc3 O-O-O 14. Ng5 Qd7
15. Qg4 Rdf8 16. Qxd7+ Kxd7 17. Rf1 h6 18. Nf3 g5 19. O-O-O Nd4 20. Bxd4 exd4
21. Rfe1 Re8 22. Re2 Re6 23. Rde1 Rg8 24. Nh2 h5 25. f3 Bb6 26. Rg1 c5 27. g4
fxg3 28. Rxg3 Bd8 29. Reg2 Rf8 30. Kd1 Kc6 31. Rg1 Bf6 32. Ke2 Be5 33. R3g2 Bf4
34. Nf1 h4 35. Nh2 d5 36. Ng4 dxe4 37. fxe4 b5 38. Rf2 c4 39. Rgf1 cxd3+ 40.
cxd3 Kb6 41. Kd1 Rc6 42. Rc2 a5 43. Rxc6+ Kxc6 44. Ne5+ Kd6 45. Ng6 Rf6 46.
Nxf4 gxf4 47. Ke2 Rg6 48. Rxf4 Rg2+ 49. Rf2 Rg3 50. Rf3 Rg2+ 1/2-1/2

[Event "Montcalm 7 2022-23"]
[Site "Quebec CAN"]
[Date "2023.05.04"]
[Round "2"]
[White "Fleury, Dominic"]
[Black "Girard-Tremblay, Eliot"]
[Result "1-0"]
[WhiteElo "1483"]
[BlackElo "1504"]
[PlyCount "39"]
[EventDate "2023.04.27"]
[EventType "swiss"]
[EventRounds "5"]
[EventCountry "CAN"]

1. e4 c5 2. Nf3 Nc6 3. Nc3 g6 4. Bc4 Bg7 5. d3 Nf6 6. h3 O-O 7. Ne2 e6 8. O-O
Na5 9. Bg5 Nxc4 10. dxc4 Qc7 11. Qd3 d6 12. Rad1 Ne8 13. Rfe1 b6 14. Nc3 h6 15.
Nb5 Qb7 16. Bh4 a6 17. Nxd6 Nxd6 18. Qxd6 Bxb2 19. e5 Qb8 20. Qxf8+ 1-0

[Event "Montcalm 7 2022-23"]
[Site "Quebec CAN"]
[Date "2023.05.04"]
[Round "2"]
[White "Servant, Michel"]
[Black "Roux, Michel"]
[Result "1-0"]
[WhiteElo "1742"]
[BlackElo "1565"]
[PlyCount "85"]
[EventDate "2023.04.27"]
[EventType "swiss"]
[EventRounds "5"]
[EventCountry "CAN"]

1. c4 Nf6 2. Nf3 g6 3. g3 Bg7 4. Bg2 d6 5. d4 O-O 6. O-O c6 7. Nc3 Na6 8. Re1
Nc7 9. a4 a5 10. h3 Kh8 11. e4 Ng8 12. Bg5 Ne6 13. Be3 Bd7 14. Qd2 h6 15. e5
Qc7 16. Rad1 Rad8 17. exd6 exd6 18. Nh4 Kh7 19. Qd3 Ne7 20. f4 Kg8 21. d5 cxd5
22. cxd5 Nc5 23. Qc4 Nf5 24. Nxf5 Bxf5 25. Nb5 Qb8 26. Nxd6 Rxd6 27. Bxc5 Rc8
28. Bxd6 Qxd6 29. Qe2 Bc2 30. Rd2 Bxa4 31. Kh2 b6 32. Qa6 Rd8 33. Qb7 Rb8 34.
Qe7 Bf8 35. Qxd6 Bxd6 36. Rde2 Kg7 37. Rc1 Kf6 38. Re4 Bd7 39. Bf3 b5 40. Bg4
Be8 41. Rc8 Rxc8 42. Bxc8 Be7 43. d6 1-0

[Event "Montcalm 7 2022-23"]
[Site "Quebec CAN"]
[Date "2023.05.11"]
[Round "3"]
[White "Brown, Zachary"]
[Black "Girard-Tremblay, Eliot"]
[Result "1-0"]
[WhiteElo "1543"]
[BlackElo "1504"]
[PlyCount "135"]
[EventDate "2023.04.27"]
[EventType "swiss"]
[EventRounds "5"]
[EventCountry "CAN"]

1. e4 c5 2. c3 Nc6 3. d4 cxd4 4. cxd4 d5 5. e5 Bf5 6. Nf3 e6 7. a3 Qb6 8. Bd3
Nxd4 9. Nxd4 Bxd3 10. Qxd3 a6 11. b4 Rc8 12. O-O Rc4 13. Be3 Qc7 14. Nd2 Rc3
15. Qb1 Qxe5 16. N2f3 Qc7 17. Rc1 Bd6 18. Rxc3 Qxc3 19. Qc1 Qxc1+ 20. Rxc1 Ne7
21. Ne2 f6 22. Bc5 Bxc5 23. Rxc5 Kd7 24. Kf1 b6 25. Rc1 e5 26. Ke1 d4 27. Kd2
Nf5 28. Ng3 Nd6 29. Kd3 Re8 30. Ne4 Nb5 31. a4 Nc7 32. a5 bxa5 33. bxa5 Rb8 34.
Nfd2 Rb5 35. Rc5 Rxc5 36. Nxc5+ Kc6 37. Ndb3 Kd5 38. f3 f5 39. h3 e4+ 40. fxe4+
fxe4+ 41. Nxe4 Nb5 42. Nec5 Nc7 43. Ne4 Nb5 44. Ng5 Na3 45. Nxh7 Nc4 46. Ng5
Ne5+ 47. Kc2 Kc4 48. Nf3 d3+ 49. Kb2 Nc6 50. Nfd2+ Kb4 51. Kc1 Kc3 52. Kd1 Nb4
53. Ke1 Nc2+ 54. Kf2 Nb4 55. g4 Nc6 56. Ke3 Ne5 57. Nc5 Nc6 58. Ncb3 Ne5 59.
Ke4 Nc6 60. h4 Nxa5 61. Nxa5 Kxd2 62. Kd4 Ke2 63. Nc4 d2 64. Nxd2 Kxd2 65. h5
a5 66. g5 Kc2 67. Kc4 Kb2 68. Kb5 1-0

[Event "Montcalm 7 2022-23"]
[Site "Quebec CAN"]
[Date "2023.05.11"]
[Round "3"]
[White "Dumont, Eric"]
[Black "Fleury, Dominic"]
[Result "1-0"]
[WhiteElo "1736"]
[BlackElo "1483"]
[PlyCount "67"]
[EventDate "2023.04.27"]
[EventType "swiss"]
[EventRounds "5"]
[EventCountry "CAN"]

1. d4 d5 2. Bf4 Nf6 3. e3 Bf5 4. c3 e6 5. Nf3 h6 6. h3 Bd6 7. Ne5 Nbd7 8. Nd2
Nf8 9. Ndf3 Ng6 10. Bh2 O-O 11. Be2 Nd7 12. Nxg6 Bxg6 13. Bxd6 cxd6 14. O-O Re8
15. Rc1 a6 16. c4 dxc4 17. Bxc4 d5 18. Be2 b5 19. Qd2 Be4 20. Rc6 Bxf3 21. Bxf3
e5 22. Bxd5 Nf6 23. Bb3 Qd7 24. Rfc1 Rec8 25. Rxc8+ Rxc8 26. Rxc8+ Qxc8 27.
dxe5 Ne4 28. Qd1 Ng5 29. Qc2 Qxc2 30. Bxc2 b4 31. Kf1 Kf8 32. Ke2 Ke7 33. Kd3
Ne6 34. Kc4 1-0

[Event "Montcalm 7 2022-23"]
[Site "Quebec CAN"]
[Date "2023.05.11"]
[Round "3"]
[White "Lescarbeau, Martin"]
[Black "Duguay-Piron, Simon"]
[Result "1-0"]
[WhiteElo "1838"]
[BlackElo "1576"]
[PlyCount "105"]
[EventDate "2023.04.27"]
[EventType "swiss"]
[EventRounds "5"]
[EventCountry "CAN"]

1. e4 c5 2. Nf3 Nc6 3. b4 cxb4 4. d4 d5 5. exd5 Qxd5 6. c4 bxc3 7. Nxc3 Qa5 8.
Rb1 Qxc3+ 9. Bd2 Qa3 10. d5 e6 11. dxc6 bxc6 12. Qc2 Bd7 13. Ne5 Qc5 14. Bc3
Nf6 15. Qd3 Bd6 16. Nxd7 Nxd7 17. Rd1 O-O 18. Bxg7 Kxg7 19. Qxd6 Qxd6 20. Rxd6
Ne5 21. f4 Ng6 22. g3 Rfc8 23. Bc4 Kf6 24. O-O Ke7 25. Rdd1 Rd8 26. Rb1 Rab8
27. Bb3 Rb5 28. Rbe1 Kd6 29. Rc1 Ne7 30. Rf2 Rc5 31. Rd2+ Rd5 32. Bxd5 exd5 33.
Rb1 Rd7 34. Rdb2 c5 35. Rb7 c4 36. Kf2 Rc7 37. R1b4 Rxb7 38. Rxb7 d4 39. Rxa7
d3 40. Ke3 Nd5+ 41. Kd2 Kc5 42. Rxf7 Kd4 43. Rd7 c3+ 44. Kd1 d2 45. Rxd5+ Kxd5
46. Ke2 Kc4 47. f5 Kb4 48. f6 Ka3 49. f7 Kb2 50. f8=Q c2 51. Qb4+ Kc1 52. Qxd2+
Kb1 53. Qxc2+ 1-0

[Event "Montcalm 7 2022-23"]
[Site "Quebec CAN"]
[Date "2023.05.11"]
[Round "3"]
[White "Marquis, Paul"]
[Black "Oliver, Vance"]
[Result "1-0"]
[WhiteElo "1959"]
[BlackElo "1604"]
[PlyCount "65"]
[EventDate "2023.04.27"]
[EventType "swiss"]
[EventRounds "5"]
[EventCountry "CAN"]

1. e4 g6 2. d4 Bg7 3. c4 d6 4. Nf3 Nf6 5. Nc3 O-O 6. h3 c5 7. d5 e5 8. g4 a6 9.
Bd3 Bd7 10. a4 a5 11. Nb5 Bc8 12. Be3 Na6 13. Nd2 Nb4 14. Be2 Ra6 15. Qb3 Bd7
16. O-O-O Qc8 17. Kb1 Kh8 18. Rdg1 Ng8 19. h4 Nh6 20. f3 Qd8 21. g5 Ng8 22. h5
Re8 23. hxg6 fxg6 24. Qd1 Re7 25. Rh4 Bc8 26. Rgh1 Bf8 27. Qg1 Qd7 28. Qh2 Rf7
29. Bxc5 dxc5 30. Qxe5+ Nf6 31. gxf6 Bd6 32. Nxd6 Qxd6 33. Qe8+ 1-0

[Event "Montcalm 7 2022-23"]
[Site "Quebec CAN"]
[Date "2023.05.11"]
[Round "3"]
[White "Roux, Michel"]
[Black "Sarra-Bournet, Marc"]
[Result "0-1"]
[WhiteElo "1565"]
[BlackElo "1894"]
[PlyCount "112"]
[EventDate "2023.04.27"]
[EventType "swiss"]
[EventRounds "5"]
[EventCountry "CAN"]

1. d4 d5 2. Bf4 Nf6 3. e3 Bf5 4. c4 e6 5. Nc3 Bb4 6. Qb3 Nc6 7. Nf3 O-O 8. Be2
Ne4 9. O-O Bxc3 10. bxc3 Na5 11. Qb4 b6 12. c5 Nc6 13. Qb2 bxc5 14. Bd3 Rb8 15.
Qc2 cxd4 16. exd4 Qe7 17. Nd2 e5 18. Be3 exd4 19. Bxd4 Nxd4 20. cxd4 Nxd2 21.
Qxd2 Bxd3 22. Qxd3 Rfe8 23. Qc3 Rb6 24. h3 Re6 25. Rac1 c6 26. Rfd1 Qf6 27. Rc2
Re2 28. Rxe2 Rxe2 29. Qg3 h6 30. a3 Qe7 31. Rd3 Re1+ 32. Kh2 Re6 33. Re3 Rxe3
34. Qxe3 Qxe3 35. fxe3 Kf8 36. Kg3 Ke7 37. Kf4 Kd6 38. h4 c5 39. dxc5+ Kxc5 40.
h5 Kc4 41. Ke5 Kb3 42. Kxd5 Kxa3 43. Kc4 Kb2 44. e4 a5 45. Kb5 Kc3 46. Kxa5 Kd4
47. Kb5 Kxe4 48. Kc5 Ke5 49. g3 f5 50. Kc6 Kf6 51. Kd6 Kg5 52. Ke5 Kg4 53. Ke6
Kxg3 54. Kxf5 Kh4 55. Kg6 Kg4 56. Kxg7 Kxh5 0-1